Ortografía 10
Saved in:
| Main Author: | |
|---|---|
| Format: | Unknown |
| Language: | Spanish |
| Published: |
Madrid
Bruño
1984
|
| Textbook Catalogue: | MANES: Library Catalog Search Result |
| Textbook Classification: |
|
| Tags: |
Add Tag
No Tags, Be the first to tag this record!
|
| Added to: | 2016-04-26 |
| Changed in: | 2024-11-20 |
MARC
| LEADER | 000000000a22000000004500 | ||
|---|---|---|---|
| 001 | 03533 | ||
| 003 | OSt | ||
| 005 | 20241121020109.0 | ||
| 008 | 160427s sp ||||| |||| 00| 0 spa d | ||
| 040 | |c centro_manes | ||
| 041 | 1 | |a spa | |
| 691 | 7 | |a PRI | |
| 100 | 1 | |a Taller de Ortografía EM |9 569 | |
| 245 | 0 | 0 | |a Ortografía 10 |
| 260 | 3 | |a Madrid |b Bruño |c 1984 | |
| 300 | |a 23 p. |c 25x19 cm | ||
| 500 | |a Fecha de publicación tomada del Depósito Legal | ||
| 690 | 0 | |a EyL | |
| 942 | |2 ddc |c BK | ||
| 546 | |a España | ||
| 999 | |c 9507 |d 9507 | ||
| 999 | |c manes:9507 |d 9507 | ||